[Event "11. OSEM SH 2017"]
[Site "11. Büsum"]
[Date "2017.09.15"]
[Round "8.1"]
[White "Nordby, Bernt"]
[Black "Ackermann, Hans Werner"]
[Result "0-1"]
[BlackElo "2295"]
[BlackTeam "SC Hansa Dortmund"]
[WhiteElo "2027"]
[WhiteTeam "Frederiksstad Schakselskap"]

1. d4 d6 2. Nf3 g6 3. c4 Nf6 4. Nc3 Bf5 5. e3 Bg7 6. Be2 O-O  7. O-O 
Ne4 8. Nxe4 Bxe4 9. Bd3 Bxd3 10. Qxd3 Nd7 11. e4 c5 12. Be3 cxd4 13. Bxd4 Nc5
14. Qe2 Bxd4 15. Nxd4 Qb6 16. Nb5 Rfc8 17. b3 Nd7 18. Kh1 Rc5 19. Nc3 Qd8 20.
f4 a6 21. Rac1 Rac8 22. a4 Rh5 23. f5 e6 24. g4 Rh4 25. f6 Ne5 26. Qf2 Rxg4 27.
h3 Rg5 28. Rcd1 Rh5 29. Kg2 Qf8 30. Rh1 Nd7 31. Ne2 Re5 32. Ng3 b5 33. cxb5
axb5 34. axb5 Rxb5 35. Rd3 Ne5 36. Re3 Rbc5 37. Re2 Qh6 38. Rd1 Rc3 39. Red2
Rxb3 40. Rxd6 Rbb8 41. Qd4 Nc4 42. Rd8+ Rxd8 43. Qxd8+ Rxd8 44. Rxd8+ Qf8 45.
Rxf8+ Kxf8 46. Kf3 e5 47. Kg4 h6 48. h4 Nd6  0-1

[Event "11. OSEM SH 2017"]
[Site "11. Büsum"]
[Date "2017.09.15"]
[Round "8.3"]
[White "Baum, Bernd, Dr."]
[Black "Bartsch, Berthold"]
[Result "1-0"]
[BlackElo "2259"]
[BlackTeam "SC Forchheim"]
[WhiteElo "2268"]
[WhiteTeam "SC Fulda"]

1. Nf3 Nf6 2. g3 b5 3. Bg2 Bb7 4. Na3 a6 5. c4 b4 6. Nc2 c5 7. O-O  d6 8. d4
Nbd7 9. b3 g6 10. Bb2 Bg7 11. d5 O-O  12. Qd3 a5 13. e4 a4 14. Rae1 axb3
15. axb3 Ra2 16. Ba1 Qc7 17. h3 Rfa8 18. Nh2 Ne5 19. Bxe5 dxe5 20. Ra1 Bh6 21.
Rxa2 Rxa2 22. Ra1 Rxa1+ 23. Nxa1 Bc8 24. Qb1 Ne8 25. Qa2 Nd6 26. Nc2 Bd2 27.
Nf3 Bc3 28. Nfe1 Qb6 29. Qa8 Kg7 30. Nd3 f5 31. Qc6 Qxc6 32. dxc6 Nxc4 33. bxc4
b3 34. Na3 Bd4 35. Nb5  1-0

[Event "11. OSEM SH 2017"]
[Site "11. Büsum"]
[Date "2017.09.15"]
[Round "8.4"]
[White "Szenetra, Werner"]
[Black "Hassenrück, Helmut"]
[Result "1/2-1/2"]
[BlackElo "2167"]
[BlackTeam "SG-Gladbeck"]
[WhiteElo "2148"]
[WhiteTeam "SV Berenbostel"]

1. Nf3 c5 2. g3 Nc6 3. Bg2 g6 4. O-O  Bg7 5. d3 d5 6. Nbd2 Nf6 7. e4 O-O
 8. Re1 e5 9. h3 h6 10. exd5 Nxd5 11. Nc4 Re8 12. a4 Rb8 13. c3 Bf5 14. Ne3
Be6 15. Ng4 Bxg4 16. hxg4 Qd7 17. g5 h5 18. Nd2 Rbd8 19. Ne4 b6 20. Qf3 Qg4 21.
Qxg4 hxg4 22. Bd2 Na5  1/2-1/2

[Event "11. OSEM SH 2017"]
[Site "11. Büsum"]
[Date "2017.09.15"]
[Round "8.5"]
[White "Hess, Christian Mathias"]
[Black "Gehrmann, Rudolf-Rainer"]
[Result "1-0"]
[BlackElo "2096"]
[BlackTeam "SV Eutin"]
[WhiteElo "2238"]
[WhiteTeam "FC ST.Pauli"]

1. d4 d5 2. c4 c6 3. Nf3 Bg4 4. Ne5 Bh5 5. Qb3 Qc8 6. cxd5 cxd5 7. Nc3 e6 8. e4
Ne7 9. Bb5+ Nbc6 10. exd5 exd5 11. O-O  f6 12. Nd3 a6 13. Bxc6+ bxc6 14.
Re1 Kf7 15. Nf4 Bg4 16. Bd2 g5 17. Nd3 Nf5 18. Qa4 Nh4 19. Re3 Bd6 20. h3 Nxg2
21. Kxg2 Bxh3+ 22. Rxh3 Qg4+ 23. Rg3 Bxg3 24. fxg3 Rae8 25. Qxc6 Re2+ 26. Nxe2
Qxe2+  1-0

[Event "11. OSEM SH 2017"]
[Site "11. Büsum"]
[Date "2017.09.15"]
[Round "8.7"]
[White "Postler, Reinhard"]
[Black "Achenbach, Manfred"]
[Result "1/2-1/2"]
[BlackElo "2083"]
[BlackTeam "SC Mülheim"]
[WhiteElo "2221"]
[WhiteTeam "TSG Oberschöneweide"]

1. e4 c5 2. Nf3 d6 3. d4 cxd4 4. Nxd4 Nf6 5. Nc3 a6 6. Be3 e5 7. Nb3 Be6 8. Be2
Be7 9. O-O  Nbd7 10. f4 Nb6 11. Kh1 Nc4 12. Bxc4 Bxc4 13. Rf2 b5 14. Nd2
Rc8 15. Nxc4 Rxc4 16. fxe5 dxe5 17. Rd2 Qc8  1/2-1/2

[Event "11. OSEM SH 2017"]
[Site "11. Büsum"]
[Date "2017.09.15"]
[Round "8.9"]
[White "Krebel, Christoph"]
[Black "Knaak, Joachim"]
[Result "0-1"]
[BlackElo "2129"]
[BlackTeam "SV Dresden-Leuben"]
[WhiteElo "2021"]
[WhiteTeam "SV Wesel"]

1. d4 Nf6 2. c4 g6 3. f3 d5 4. cxd5 Nxd5 5. e4 Nf6 6. Nc3 Bg7 7. Be3 O-O  8.
Bc4 c6 9. Qd2 b5 10. Bb3 a5 11. Nge2 Ba6 12. O-O  Nbd7 13. e5 b4 14. Na4
Nd5 15. Rfc1 Rc8 16. Nc5 Nxc5 17. Rxc5 Nxe3 18. Qxe3 Bxe2 19. Qxe2 Qxd4+ 20.
Qf2 Bxe5 21. Rd1 Qxf2+ 22. Kxf2 Bxb2 23. Rd7 Bf6 24. Ke2 Kg7 25. Rxa5 c5 26.
Bc4 Rc6 27. Raa7 Rb8 28. Kd3 Rcc8 29. Ke4 Rd8 30. g4 Rxd7 31. Rxd7 Kf8 32. Rd5
Bd4 33. h4 h6 34. h5 Rb6 35. Rd8+ Kg7 36. Rd7 e6 37. hxg6 Kxg6 38. Kf4 Rb8 39.
Bd3+ Kf6 40. Ke4 Rg8 41. Be2 Ra8 42. Bc4 h5 43. gxh5 Rh8 44. Kd3 Rxh5 45. Ke2
Rh2+ 46. Kd3 Rf2 47. Ke4 Rc2 48. Bb3 Re2+ 49. Kf4 Be5+ 50. Kg4 Rg2+ 51. Kh4 Kg6
 0-1

[Event "11. OSEM SH 2017"]
[Site "11. Büsum"]
[Date "2017.09.15"]
[Round "8.11"]
[White "Biller, Helmut, Dr."]
[Black "Just, Fred"]
[Result "1/2-1/2"]
[BlackElo "2121"]
[BlackTeam "SV Werder Bremen"]
[WhiteElo "2084"]
[WhiteTeam "SF Frankfurt"]

1. d4 d5 2. c4 e6 3. Nc3 Nf6 4. cxd5 exd5 5. Bg5 Be7 6. Qc2 c6 7. e3 Nbd7 8. Bd3
O-O  9. Nf3 Re8 10. O-O  Nf8 11. h3 Nh5 12. Bxe7 Qxe7 13. Rab1 Qf6 14.
Ne5 g6 15. b4 a6 16. a4 Nd7 17. Nxd7 Bxd7 18. b5 axb5 19. axb5 Qg5 20. f4 Qe7
21. Rfe1 Ng3 22. bxc6 bxc6 23. Rb7 Qd6 24. Na4 Rab8 25. Rxb8 Rxb8  1/2-1/2

[Event "11. OSEM SH 2017"]
[Site "11. Büsum"]
[Date "2017.09.15"]
[Round "8.12"]
[White "Oechslein, Rainer"]
[Black "Limberg, Siegfried"]
[Result "1-0"]
[BlackElo "2019"]
[BlackTeam "SF Taunus"]
[WhiteElo "2294"]
[WhiteTeam "SK Schweinfurt"]

1. e4 c5 2. Nf3 e6 3. d4 cxd4 4. Nxd4 Nf6 5. Nc3 d6 6. g4 h6 7. Rg1 a6 8. Be3
Bd7 9. Qd2 Nc6 10. f3 Qc7 11. O-O-O Nxd4 12. Bxd4 Be7 13. Qf2 b5 14. Bd3 b4 15.
Ne2 e5 16. Bb6 Qc6 17. Be3 a5 18. Kb1 a4 19. c4 Be6 20. Rc1 Nd7 21. Ng3 g6 22.
Qd2 Nc5 23. Rgd1 Qb6 24. Nf1 Qa5 25. Qe1 Bg5 26. h4 Bxe3 27. Nxe3 Nb3 28. Rc2
Nd4 29. Rf2 O-O  30. g5 h5 31. Bf1 Rfb8 32. f4 Qa7 33. f5 Bd7 34. fxg6 fxg6
35. Rf6 Be8 36. Qf2 Bf7 37. c5 Kg7 38. Rxd6 Rf8 39. Qf6+ Kh7 40. Bc4 Bxc4 41.
Qxg6+ Kh8 42. Qxh5+  1-0

[Event "11. OSEM SH 2017"]
[Site "11. Büsum"]
[Date "2017.09.15"]
[Round "8.13"]
[White "Heinzel, Peter"]
[Black "Strobel, Walter"]
[Result "0-1"]
[BlackElo "2189"]
[BlackTeam "SK Klingenberg"]
[WhiteElo "2028"]
[WhiteTeam "SC Mülheim"]

1. c4 c6 2. g3 Nf6 3. Bg2 d5 4. b3 Bf5 5. Bb2 e6 6. Nf3 h6  7. O-O  Be7
8. d3 O-O  9. Nbd2 a5 10. a3 Na6 11. Qc2 Bh7 12. Rfc1 c5 13. Ne1 Qc7 14. e4
dxe4 15. dxe4 Rad8 16. Rd1 Nb8 17. Qc3 Nc6 18. Nc2 Rd7 19. Nf1 Rfd8 20. Rxd7
Rxd7 21. Re1 Ne8 22. f4 Bf6 23. e5 Rd3  0-1

[Event "11. OSEM SH 2017"]
[Site "11. Büsum"]
[Date "2017.09.15"]
[Round "8.14"]
[White "Meyer, Irmin, Dr."]
[Black "Andersen, Knut"]
[Result "1/2-1/2"]
[BlackElo "2108"]
[BlackTeam "SF Buer"]
[WhiteElo "2000"]
[WhiteTeam "SV Werder Bremen"]

1. e4 c5 2. c3 Nf6 3. e5 Nd5 4. d4 cxd4 5. cxd4 Nc6 6. Nf3 d6 7. Bc4 Nb6 8. Bb5
Bd7 9. exd6 e6 10. Nc3 Bxd6 11. O-O  Ne7 12. Bd3 Ned5 13. Ne4 Be7 14. Nc5
Bc6 15. a3 O-O  16. Ne5 Nf6 17. Nxc6 bxc6 18. Be3 Nbd5 19. Rc1 Qd6 20. Qf3 
1/2-1/2

[Event "11. OSEM SH 2017"]
[Site "11. Büsum"]
[Date "2017.09.15"]
[Round "8.15"]
[White "Urbanek, Paul-Gerhard"]
[Black "Zunker, Reinhard, Dr."]
[Result "1/2-1/2"]
[BlackElo "2103"]
[BlackTeam "SV Hofheim"]
[WhiteElo "1927"]
[WhiteTeam "SF Buxtehude"]

1. e4 c5 2. Nf3 e6 3. Be2 Nc6 4. O-O  Nf6 5. Nc3 a6 6. h3 Qc7 7. b3 b5 8. d3
Be7 9. Bb2 Bb7 10. Re1 d6 11. Bf1 Nd7 12. Qd2 O-O  13. Qf4 Bf6 14. Qg3 Nd4
15. Rac1 Nxf3+ 16. gxf3 Qa5 17. Qxd6 Ne5 18. Bg2 Rac8 19. f4 Rc6 20. fxe5 Rxd6
21. exf6 Rd7 22. Re3 g6 23. a3 b4 24. Nb1 Qc7 25. a4 Re8 26. e5 Bxg2 27. Kxg2
Rd4 28. Nd2 Red8 29. Bxd4 cxd4 30. Re4 Rd5 31. Nc4 Qc6 32. Kg1 h6 33. Rce1 
1/2-1/2

[Event "11. OSEM SH 2017"]
[Site "11. Büsum"]
[Date "2017.09.15"]
[Round "8.16"]
[White "Leiber, Bernard"]
[Black "Quiring, Nikolai"]
[Result "1-0"]
[BlackElo "1990"]
[BlackTeam "SV Rendsburg"]
[WhiteElo "2074"]
[WhiteTeam "SV Osnabrück"]

1. e4 e6 2. d3 d5 3. Nd2 c5 4. Ngf3 Nc6 5. Be2 Bd6 6. O-O  Nge7 7. c3 O-O
 8. Re1 Qc7 9. Nf1 f6 10. a3 b6 11. b4 Bb7 12. b5 Ne5 13. Nxe5 Bxe5 14. d4
Bd6 15. Bg4 e5 16. Be6+ Kh8 17. exd5 cxd4 18. cxd4 exd4 19. Bb2 Nxd5 20. Bxd4
Nf4 21. Rc1 Qb8 22. Bf5 Bxg2 23. Rc3 Bxf1 24. Kxf1 Re8 25. Be4 Bc5 26. Rce3 Rd8
27. Bxa8 Qxa8 28. Qf3 Qxf3 29. Rxf3 Bxd4 30. Rxf4 Be5 31. Ra4 Bb8 32. Rd4 Rg8
33. h3 h6 34. Red1 Be5 35. Rd8 Bc3 36. Rxg8+ Kxg8 37. Rd7 Kh7 38. Rxa7 Kg6 39.
a4 Kf5 40. Rxg7 Ke6 41. Rc7 Ba5 42. Rc6+ Ke5 43. Ke2 h5 44. Ke3  1-0

[Event "11. OSEM SH 2017"]
[Site "11. Büsum"]
[Date "2017.09.15"]
[Round "8.17"]
[White "Bohnstorff, Michael"]
[Black "Kracht, Helmut"]
[Result "1-0"]
[BlackElo "1979"]
[BlackTeam "SK Kaltenkirchen"]
[WhiteElo "2065"]
[WhiteTeam "SC Lüneburg"]

1. d4 Nf6 2. Nf3 g6 3. c3 Bg7 4. Bf4 d6 5. h3 O-O  6. Nbd2 Re8 7. e3 c5 8.
Be2 Qb6 9. Nc4 Qc7 10. a4 Nbd7 11. O-O  Nb6 12. Ncd2 e5 13. Bh2 e4 14. Ne1
Qe7 15. a5 Nbd7 16. Nc4 d5 17. Nd6 Rd8 18. Nc2 cxd4 19. cxd4 Nf8 20. Nb5 Ne6
21. Qd2 a6 22. Nc3 Bd7 23. Na4 Bxa4 24. Rxa4 Rd7 25. Nb4 Ne8 26. Rc1 N8c7 27.
Raa1 Bf8 28. Na2 Qd8 29. Rc2 Bd6 30. Bxd6 Rxd6 31. Rac1 b6 32. Nb4 b5 33. Nc6
Qe8 34. Qb4 Rd7 35. Ne5 Re7 36. Qd6 Rd8 37. Qa3 Ra8 38. h4 f6 39. Nc6 Rf7 40.
Qd6 Rd7 41. Qg3 Qf7 42. Bg4 Qf8 43. Qh3 Qd6 44. Qh2 Qxh2+ 45. Kxh2 Kf7 46. Nb4
Ra7 47. Rc6 f5 48. Bd1 Nd8 49. R6c3 Ne8 50. Bb3 Ke6 51. Rc8 Rac7 52. Nxa6 Rxc1
53. Rxc1 Ra7 54. Nc5+ Kd6 55. Ra1 Nc7 56. Bd1 Nc6 57. Nb3 Nb4 58. Be2 Nc2 59.
Rc1 Nb4 60. Kg3 Rb7 61. f3 h6 62. f4 Na2 63. Ra1 Nb4 64. Nc5 Ra7 65. h5 gxh5
66. Bxh5 Nc2 67. Rh1 Nxe3 68. Be2 Nc2 69. Rxh6+ Ke7 70. Rh7+ Kf6 71. Bh5  1-0

[Event "11. OSEM SH 2017"]
[Site "11. Büsum"]
[Date "2017.09.15"]
[Round "8.18"]
[White "Zimmermann, Manfred"]
[Black "Mikolajewski, Armin"]
[Result "1-0"]
[BlackElo "2047"]
[BlackTeam "Naumburger SV"]
[WhiteElo "1949"]
[WhiteTeam "Kieler SG"]

1. d4 d5 2. Nf3 Nf6 3. e3 e6 4. Bd3 c5 5. b3 Qc7 6. Ne5 Nbd7 7. Bb2 cxd4 8. exd4
Nxe5 9. dxe5 Nd7 10. Qe2 Bb4+ 11. Kf1 a6 12. a3 Be7 13. b4 b5 14. Bd4 O-O 
15. Nd2 a5 16. Rb1 axb4 17. axb4 Ra2 18. Qe3 Nb8 19. Nf3 Nc6 20. Bc5 d4 21. Qe4
g6 22. Bxe7 Nxe7 23. Qxd4 Nf5 24. Qf4 Bb7 25. h4 Bxf3 26. gxf3 f6 27. Bxf5 exf5
28. Qe3 fxe5 29. Kg2 Rxc2 30. Rbe1 Re8 31. h5 Qe7 32. hxg6 hxg6 33. Ra1 e4 34.
f4 Rd8 35. Ra7  1-0

[Event "11. OSEM SH 2017"]
[Site "11. Büsum"]
[Date "2017.09.15"]
[Round "8.19"]
[White "Villing, Dieter"]
[Black "Wolke, Reimund"]
[Result "0-1"]
[BlackElo "1979"]
[BlackTeam "Hamburger SK"]
[WhiteElo "2040"]
[WhiteTeam "SK Ludwigshafen"]

1. e4 c5 2. Nf3 e6 3. d4 cxd4 4. Nxd4 Nf6 5. Nc3 d6 6. g4 h6 7. Rg1 Nc6 8. Be3
a6 9. h4 h5 10. gxh5 Nxh5 11. Nf3 b5 12. Qd2 Qc7 13. O-O-O Bb7 14. Bh3 Ne5 15.
Nxe5 dxe5 16. f3 Nf4 17. Bf1 g6 18. Ne2 Rxh4 19. Nxf4 exf4 20. Bb6 Qc6 21. Bf2
Rh5 22. Rg4 g5 23. Kb1 Be7 24. Bd3 Rd8 25. Qa5 Kf8 26. Rgg1 Rh8 27. Rh1 Kg7 28.
Bb6 Rxh1 29. Rxh1 Rh8 30. Bd4+ f6 31. Rxh8 Kxh8 32. a4 bxa4 33. Qxg5 e5 34.
Bxe5 a3 35. Qh5+ Kg7 36. Bxf4 Qe6 37. Bh6+ Kh8 38. Qg6 a2+ 39. Ka1  0-1

[Event "11. OSEM SH 2017"]
[Site "11. Büsum"]
[Date "2017.09.15"]
[Round "8.20"]
[White "Kliewe, Hans-Jürgen"]
[Black "Ehlert, Horst"]
[Result "1-0"]
[BlackElo "1965"]
[BlackTeam "SV Laatzen"]
[WhiteElo "2037"]
[WhiteTeam "ASV Wismar"]

1. d4 Nf6 2. Nf3 e6 3. Bf4 c5 4. e3 Qb6 5. Qc1 d5 6. c3 Bd6 7. Bg3 O-O  8.
Bd3 Bd7 9. a4 Qc7 10. Nbd2 a6 11. O-O  Bxg3 12. hxg3 b6 13. Ne5 Nc6 14.
Ndf3 c4 15. Bc2 b5 16. Qd2 bxa4 17. Bxa4 Ne4 18. Qc2 Nxe5 19. Nxe5 Bxa4 20.
Rxa4 Rfb8 21. Rfa1 f6 22. Nxc4 Nxf2 23. Kxf2 dxc4 24. Rxa6 Rxa6 25. Rxa6 Qb7
26. Ra4 Qc6 27. Ra1 Rb3 28. Rd1 Qb7 29. Rd2 Rb5 30. e4 g5 31. Re2 Qb6 32. Qa4
Rxb2 33. Qxc4 Rb1 34. Qd3 Qb3 35. Qc2 Qb6 36. Rd2 Kg7 37. c4 h5 38. c5 Qb5 39.
Qd3 Qb4 40. c6 Rb3 41. Qe2 Qc3 42. d5 Qxg3+ 43. Kf1 Re3 44. Qf2 exd5 45. Qxg3
Rxg3 46. exd5  1-0

[Event "11. OSEM SH 2017"]
[Site "11. Büsum"]
[Date "2017.09.15"]
[Round "8.21"]
[White "Falk, Thomas"]
[Black "Gebuhr, Günter"]
[Result "1-0"]
[BlackElo "1961"]
[BlackTeam "SSV Weimar"]
[WhiteElo "2107"]
[WhiteTeam "SV Oberursel"]

1. Nf3 c5 2. c4 Nc6 3. d4 cxd4 4. Nxd4 e6 5. g3 Nf6 6. Bg2 Be7 7. Nc3 O-O 
8. O-O  a6 9. e4 d6 10. Be3 Bd7 11. Rc1 Nxd4 12. Bxd4 Bc6 13. Qe2 Qc7 14.
Rfd1 Rad8 15. h3 Qa5 16. b4 Qh5 17. Qxh5 Nxh5 18. b5 Bd7 19. Bb6 Rc8 20. bxa6
bxa6 21. c5 d5 22. exd5 Bxc5 23. Bxc5 Rxc5 24. dxe6 Bxe6 25. Nd5 Ra5 26. Rd2 g6
27. g4 Bxd5 28. Rxd5 Rxd5 29. Bxd5 Nf4 30. Bc4 Nxh3+ 31. Kg2 Nf4+ 32. Kf3 g5
33. Bxa6 f5 34. Rc8 fxg4+ 35. Kxg4 Rxc8 36. Bxc8 Nd3 37. a4 Nxf2+ 38. Kxg5 Nd3
39. a5 Nc5 40. Kf6 Kf8 41. Ke5 Ke7 42. Kd5 Kd8 43. Bf5 Na6 44. Kc6 h5 45. Kb5
Nc7+ 46. Kc6 Na6 47. Kb6 Nb4 48. Be4 Kc8 49. Kb5 Na2 50. a6 Nc3+ 51. Kb6 Na4+
52. Ka5 Nc5 53. a7 Nb7+ 54. Kb6  1-0

[Event "11. OSEM SH 2017"]
[Site "11. Büsum"]
[Date "2017.09.15"]
[Round "8.23"]
[White "Thieme, Wolfgang"]
[Black "Gläser, Wilfried"]
[Result "1/2-1/2"]
[BlackElo "2129"]
[BlackTeam "SK Anderten"]
[WhiteElo "1939"]
[WhiteTeam "SC Bayer Uerdingen"]

1. e4 c6 2. Nc3 d5 3. Nf3 Nf6 4. exd5 cxd5 5. d4 g6 6. Bd3 Bg7 7. Ne5 O-O 
8. O-O  Nc6 9. Nxc6 bxc6 10. Re1 a5 11. Na4 Nd7 12. Be3 e5 13. dxe5 Nxe5
14. Be2 Qh4 15. Nc5 Rb8 16. Rb1 Ng4 17. Bxg4 Bxg4 18. f3 Bc8 19. Bf2 Qc4 20.
Nd3 Bf5 21. Bg3 Bxd3 22. cxd3 Qc5+ 23. Kf1 Rxb2 24. Rxb2 Bxb2 25. Qb3 Qb5 26.
Qc2 Bd4 27. Bd6 Rc8 28. Rb1 Qa6 29. Qd2 Re8 30. Rb8 Rxb8 31. Bxb8 Qb5 32. Bd6
Qb1+ 33. Ke2 Qb2 34. Qxb2 Bxb2 35. Bc5 f5 36. Ke3 Kf7 37. a4 Bc3 38. d4 Ke6 39.
Kd3 Be1 40. Ke2 Bh4 41. Bb6 Be7 42. Bxa5 c5 43. dxc5 Bxc5 44. Kd3 Kd7 45. Bc3 
1/2-1/2

[Event "11. OSEM SH 2017"]
[Site "11. Büsum"]
[Date "2017.09.15"]
[Round "8.24"]
[White "Bieberle, Gerhart"]
[Black "Neumann, Joachim"]
[Result "1-0"]
[BlackElo "2093"]
[BlackTeam "SC Agon Neumünster"]
[WhiteElo "1927"]
[WhiteTeam "PTSVAachen"]

1. d4 Nf6 2. c4 e6 3. Nc3 Bb4 4. Qb3 c5 5. a3 Bxc3+ 6. Qxc3 cxd4 7. Qxd4 Nc6 8.
Qd1 Ne4 9. Nf3 O-O  10. e3 Qa5+ 11. Bd2 Nxd2 12. Qxd2 Qxd2+ 13. Nxd2 b6 14.
Be2 Bb7 15. O-O  Rfd8 16. Rfd1 Ne5 17. f4 Ng6 18. Bf3 Bc6 19. Bxc6 dxc6 20.
Nf3 c5 21. Kf2 Kf8 22. Ke2 Ke7 23. g3 f6 24. h3 Nh8 25. Rxd8 Rxd8 26. Rd1 Rxd1
27. Kxd1 Nf7 28. Nd2 e5 29. Ke2 Nd6 30. fxe5 fxe5 31. Kf3 Ke6 32. b3 Kf5 33.
g4+ Ke6 34. Ne4 Nf7 35. h4 h6 36. b4 cxb4 37. axb4 a5 38. bxa5 bxa5 39. Nc5+
Kf6 40. Ke4 Ke7 41. Kd5 Nd6 42. Na4 h5 43. c5 Nc4 44. Kxc4 hxg4 45. Kd3 g3 46.
Ke2 g2 47. Kf2  1-0

[Event "11. OSEM SH 2017"]
[Site "11. Büsum"]
[Date "2017.09.15"]
[Round "8.25"]
[White "Fleischer, Martin"]
[Black "Mertens, Klaus"]
[Result "0-1"]
[BlackElo "2084"]
[BlackTeam "FC Bierstadt"]
[WhiteElo "1919"]
[WhiteTeam "SV Einheit Schwerin"]

1. e4 d5 2. exd5 Qxd5 3. d4 Nf6 4. Nf3 c6 5. Be2 g6 6. c3 Bg7 7. h3 O-O  8.
Be3 Bf5 9. Nbd2 Nbd7 10. Bc4 Qd6 11. b4 a5 12. bxa5 Rxa5 13. O-O  Nd5 14.
Bxd5 cxd5 15. Nb3 Ra6 16. a4 Rc8 17. Bd2 Qc6 18. a5 Qb5 19. Re1 e6 20. Ne5 Nxe5
21. dxe5 Qd7 22. Qe2 Bc2 23. Nd4 Ba4 24. Reb1 Rxa5 25. f4 Ra6 26. Qe1 Rca8 27.
Rb2 Bf8 28. Rab1 R6a7 29. Nb5 Ra6 30. Nd6 Bxd6 31. exd6 b5 32. f5 Qxd6 33. fxg6
hxg6 34. Qh4 e5 35. Rf1 Re8 36. Be3 f5 37. Qf2 Rc6 38. g4 f4 39. Bd2 Rc4 40.
Re1 Qf6 41. Qf3 e4 42. Qxf4 Qxf4 43. Bxf4 Rxc3 44. Be3 Rf8 45. Rd2 Bb3 46. Bh6
Rff3 47. Ra1 Rg3+ 48. Rg2 Rxh3 49. g5 Ba4 50. Rf1 Rhf3 51. Rd2 Bb3 52. Ra1 Kf7
53. Ra7+ Ke6 54. Ra6+ Kf5 55. Rf6+ Kg4 56. Rxg6 Rc1+ 57. Kh2 Bc4 58. Rf6 Rh3+
59. Kg2 Rch1 60. Rf4+ Kxf4  0-1

[Event "11. OSEM SH 2017"]
[Site "11. Büsum"]
[Date "2017.09.15"]
[Round "8.26"]
[White "Lehr, Thomas"]
[Black "Lomer, Edmund"]
[Result "1-0"]
[BlackElo "2065"]
[BlackTeam "Eckernförder SC"]
[WhiteElo "1922"]
[WhiteTeam "Husumer SV"]

1. e4 d5 2. exd5 Qxd5 3. Nc3 Qa5 4. d4 c6 5. Bc4 Nf6 6. Bd2 Qb6 7. Nf3 Bf5 8.
Qe2 e6 9. O-O-O Be7 10. d5 cxd5 11. Bb5+ Nc6 12. Ne5 O-O  13. Bxc6 bxc6 14.
g4 Bg6 15. h4 Qc5 16. Be3 Qd6 17. Nxg6 fxg6 18. h5 gxh5 19. g5 Ng4 20. Rxh5
Nxe3 21. fxe3 g6 22. Rh3 Rf7 23. Rg1 Raf8 24. Qa6 Qd7 25. Qd3 e5 26. Rgh1 Qe6
27. Rg3 Bd6 28. Rgh3 e4 29. Qa6 Bb4 30. Nd1 Bc5 31. c3 Bb6 32. Qe2 Rg7 33. Nf2
Rf5 34. Ng4 Rxg5 35. Nh6+ Kf8 36. Qf2+ Ke8 37. Rf1 Kd7 38. Qf8 Qe7 39. Qb8 Qd8
40. Qf4 Rh5 41. Qg4+ Kc7 42. Rxh5 Bxe3+ 43. Kb1 Qd6 44. Rh3 Bd2 45. Qe2 e3 46.
Rhf3 Qe6 47. Ka1 Re7 48. Rf7 Kb6 49. Rxe7 Qxe7 50. Ng4 h5 51. Nh2 Qe4 52. Nf3
Qc2 53. Rd1 g5 54. Nxg5 c5 55. Nf3 d4 56. cxd4 cxd4 57. Nxd4 Qc5 58. Nb3 Qg5
59. Nxd2  1-0

[Event "11. OSEM SH 2017"]
[Site "11. Büsum"]
[Date "2017.09.15"]
[Round "8.27"]
[White "Gerhards, Walter"]
[Black "Niebling, Ferdinand"]
[Result "0-1"]
[BlackElo "2059"]
[BlackTeam "SC Frankfurt-West"]
[WhiteElo "1916"]
[WhiteTeam "Ratinger SK"]

1. e4 e6 2. d4 d5 3. Nc3 Bb4 4. e5 c5 5. a3 Bxc3+ 6. bxc3 Ne7 7. a4 Nbc6 8. Ba3
cxd4 9. Qg4 Qa5 10. Ne2 O-O  11. f4 dxc3 12. Ng3 Qxa4 13. Bd3 Nxe5 14.
Bxh7+ Kxh7 15. Qh4+ Kg8 16. Qxe7 Ng6 17. Qc7 Bd7 18. O-O  Rfc8 19. Qd6 Qc6
20. Qb4 Qb6+  0-1

[Event "11. OSEM SH 2017"]
[Site "11. Büsum"]
[Date "2017.09.15"]
[Round "8.28"]
[White "Walther, Reinhard"]
[Black "Oettel, Lothar"]
[Result "1/2-1/2"]
[BlackElo "1937"]
[BlackTeam "TSG Oberschöneweide"]
[WhiteElo "2051"]
[WhiteTeam "SK Herzogenaurach"]

1. d4 Nf6 2. Bf4 c5 3. d5 d6 4. Nc3 g6 5. e4 Bg7 6. Be2  O-O  7. g4 Qa5
8. Bd2 Nbd7 9. g5 Nh5 10. Bxh5 gxh5 11. f4 Qb4 12. Qe2 Qxb2 13. Rb1 Qxc2 14.
Rc1 Qb2 15. Rb1 Qc2 16. Rc1  1/2-1/2

[Event "11. OSEM SH 2017"]
[Site "11. Büsum"]
[Date "2017.09.15"]
[Round "8.29"]
[White "Kotlar, Alfred"]
[Black "Hellwege, Werner"]
[Result "1-0"]
[BlackElo "1929"]
[BlackTeam "HSK LTu"]
[WhiteElo "2041"]
[WhiteTeam "SC Recklinghausen Altstadt"]

1. d4 Nf6 2. Nf3 d6 3. Bf4 Nbd7 4. Nbd2 c5 5. e3 g6 6. Be2 Bg7 7. c3 O-O  8.
O-O  b6 9. Qc2 Bb7 10. Rac1 cxd4 11. exd4 d5 12. Rfe1 Re8 13. Bb5 a6 14.
Bd3 b5 15. Re2 Nb6 16. Rce1 Rc8 17. a3 Nc4 18. Nb3 a5 19. Nc5 Ba8 20. Qc1 a4
21. Bg5 e6 22. Ne5 Qc7 23. Bf4 Qb6 24. Bg5 Bc6 25. Bh6 Nxe5 26. Rxe5 Bxh6 27.
Qxh6 Ng4 28. Qf4 Nxe5 29. Rxe5 Kg7 30. h4 Qd8 31. h5 Qe7 32. Re3 Rc7 33. Qe5+
Kg8 34. hxg6 hxg6 35. Rh3 f6 36. Qh2 Qg7 37. Bxg6 Ree7 38. Rg3 Kf8 39. Qh4 f5
40. Bf7 Qxg3 41. Qxg3 Kxf7 42. Qe5 Ba8 43. Nd3 Ra7 44. Qh8 Kg6 45. f4 Rh7 46.
Qg8+  1-0

[Event "11. OSEM SH 2017"]
[Site "11. Büsum"]
[Date "2017.09.15"]
[Round "8.31"]
[White "Lehmann, Erwin"]
[Black "Plewka, Manfred"]
[Result "1-0"]
[BlackElo "1925"]
[BlackTeam "SV Rendsburg"]
[WhiteElo "2015"]
[WhiteTeam "Ahrensburger TSV"]

1. c4 g6 2. Nc3 Bg7 3. g3 d6 4. Bg2 e5 5. d3 Ne7 6. e4 O-O  7. Nge2 c6 8.
O-O  Be6 9. Bg5 Na6 10. Qd2 Nc7 11. b3 f6 12. Be3 d5 13. cxd5 cxd5 14. d4
dxe4 15. Nxe4 Bd5 16. dxe5 f5 17. Nf6+ Kh8 18. Nxd5 Ncxd5 19. f4 Nxe3 20. Qxe3
Nc6 21. Rfd1 Qa5 22. Rd5 Qa3 23. Nc3 Nb4 24. Rd2 Rac8 25. Nb5 Rc1+ 26. Rd1
Rxd1+ 27. Rxd1 Qxa2 28. Bxb7 a6 29. Nd6 Qa5 30. Qd4 Qa3 31. Qc4 h6 32. e6 Bf6
33. Nf7+ Kg7 34. Qc7 Re8 35. Rd7 Na2 36. Nd6+ Re7 37. Rxe7+ Bxe7 38. Qxe7+ Kg8
39. Qf7+ Kh8 40. e7  1-0

[Event "11. OSEM SH 2017"]
[Site "11. Büsum"]
[Date "2017.09.15"]
[Round "8.32"]
[White "Aigner, Georg"]
[Black "Reinhold, Klaus, Dr."]
[Result "0-1"]
[BlackElo "2008"]
[BlackTeam "SC Gronau"]
[WhiteElo "1898"]
[WhiteTeam "SC Taufkirchen"]

1. e4 e5 2. Nf3 Nc6 3. d4 exd4 4. Nxd4 Nf6 5. Nxc6 bxc6 6. Bd3 d5 7. e5 Ng4 8.
Bf4 Bc5 9. O-O  g5 10. Bd2 Be6 11. h3 Nxe5 12. Qh5 Nxd3 13. Bxg5 Be7 14.
Bxe7 Qxe7 15. cxd3 Qf6 16. Nc3 Qg6 17. Qxg6 hxg6 18. Na4 Rb8 19. b3 Kd7 20.
Rac1 d4 21. Nc5+ Kd6 22. Nxe6 fxe6 23. Rc4 c5 24. Rfc1 Rb5 25. b4 Rh5 26. a3
Rd5 27. f4 a5 28. bxa5 Rxa5 29. a4 Rf5 30. g3 e5 31. fxe5+ Rxe5 32. Kf2 Re3 33.
Rd1 Ra8 34. Rd2 Rf8+ 35. Kg1 Rff3 36. a5 Rxg3+ 37. Rg2 Rxd3 38. Rxg3 Rxg3+ 39.
Kf2 Ra3 40. h4 Rxa5 41. Rc1 Kd5 42. Rg1 Ra6 43. Kf3 Rf6+ 44. Kg4 d3 45. Kg5 Re6
46. Kh6 c4 47. Rxg6 Rxg6+ 48. Kxg6  0-1

[Event "11. OSEM SH 2017"]
[Site "11. Büsum"]
[Date "2017.09.15"]
[Round "8.33"]
[White "Josting, Friedel"]
[Black "Görtz, Hans"]
[Result "1/2-1/2"]
[BlackElo "1998"]
[BlackTeam "DJK Wacker Bergeborbeck"]
[WhiteElo "1884"]
[WhiteTeam "SG Bünde"]

1. d4 Nf6 2. Bf4 d6 3. Nf3 g6 4. e3 Bg7 5. Nbd2 O-O  6. Be2 Nc6 7. O-O 
Nh5 8. Bg3 Nxg3 9. hxg3 e5 10. c3 Ne7 11. Qb3 Rb8 12. a4 a6 13. Rfd1 Be6 14. c4
b5 15. Qc2 bxc4 16. dxe5 Qc8 17. Nxc4 dxe5 18. Nfxe5 Bxe5 19. Nxe5 Bb3 20. Qc5
Bxd1 21. Rxd1  1/2-1/2